000 00769nam a22001217a 4500
040 _cRUA
082 _aLMA MEY 2024 B701 Or.1
100 _aMEY SAVDY, ម៉ី សាវឌី
245 _aA Study On Succession And Cooperative Approaches In Problem-Solving Processes In Kampong Pou Commune, Krakor District, Pursat Province,សិក្សាអំពីសន្តតិកម្ម និងប្រទានកម្ម ក្នុងដំណើរការចុះបញ្ចីដីធ្លីមានលក្ខណៈជាប្រព័ន្ធ នៅឃុំកំពង់ពោធិ៍ ស្រុកក្រគរ ខេត្តពោធិ៍សាត់
260 _aPHNOM PENH
_bRUA
_c2024
300 _axi,
_bill,
_c29cm,
942 _cLMA
999 _c25341
_d25341